| 000 | 02009cam a2200241 4500500 | ||
|---|---|---|---|
| 005 | 20251228073523.0 | ||
| 041 | _afre | ||
| 042 | _adc | ||
| 100 | 1 | 0 |
_aMüller, Christian _eauthor |
| 245 | 0 | 0 | _aClinique et cruauté |
| 260 | _c2011. | ||
| 500 | _a39 | ||
| 520 | _aRésuméLe projet d’une « nouvelle gouvernance hospitalière » est au risque de disqualification de la psychiatrie, et notamment dans sa dimension hospitalière. Ne vise-t-il pas à dissoudre notre discipline dans le concept de santé mentale, branche de la santé publique ?La logique à l’œuvre actuellement semble moins relever du registre de la qualité des soins que de celui de la réduction du sujet à son cerveau et à ses droits, réduction favorisée par l’instrumentalisation des progrès des neurosciences. Il s’agirait de modifier ici ou là notre pratique, sans tenir compte de la nécessité d’avoir du temps pour les soins, ni de la complexité d’une néoclinique psychosociale. | ||
| 520 | _aCrualty and clinicThe new hospital governance may tend to disqualify psychiatry and essentially its hospital dimension. Does it not aim at dissolving our discipline through the concept of mental health, a branch of public health ? Nowadays, it would seem that what is at stake is less the quality of care than the reduction of the patient to his brain and rights, a reduction entailed by the instrumentalization induced by the progress of neurosciences. Thus we should change our practice without taking into account the necessity of sparing time for the cure or the complexity of a psycho-social neo-clinic. | ||
| 690 | _abarbarie | ||
| 690 | _aengagement sectoriel | ||
| 690 | _apolitique de santé mentale | ||
| 690 | _abarbarity | ||
| 690 | _amental health policy | ||
| 690 | _asectorial commitment | ||
| 786 | 0 | _nSavoirs et clinique | 14 | 2 | 2011-10-01 | p. 45-49 | 1634-3298 | |
| 856 | 4 | 1 | _uhttps://shs.cairn.info/revue-savoirs-et-cliniques-2011-2-page-45?lang=fr&redirect-ssocas=7080 |
| 999 |
_c1595349 _d1595349 |
||